000 01122nam a2200241Ia 4500
003 Ost
005 20260507075048.0
008 260507s9999||||xx |||||||||||||| ||und||
020 _a9957020161
040 _cfsecg
041 _aara
082 _a330
100 _aعبد الله، عقيل جاسم
_eمؤلف
245 0 _aمدخل الى التخطيط الاقتصادي :
_bمنهج نظري وأساليب تخطيطه /
_c عقيل جاسم عبد الله
250 _aطبعة 2
260 _aعمان:
_bمجدلاوي,
_c1999
300 _a301 صفحة؛
_bإيضاحات ؛
_c24 سم
504 _aببليوغرافيا: ص.299
520 _aنظرية التخطيط الاقتصادي-تخطيط المتغيرات الاقتصادية-موازين التخطيط الاقتصادي-الأدوات التوازنية-أساليب التخطيط الاقتصادي-الأدوات الكمية-التخطيط الاقتصادي على المستوى الجزئي-المنشأة
653 _aالتخطيط الاقتصادي
653 _aالتنمية الإقتصادية
942 _cكتاب
999 _c42607
_d42607